Գրաբարի համաձայնութիւնը / (Record no. 6353)
[ view plain ]
| 000 -LEADER | |
|---|---|
| fixed length control field | 00807nam a2200205 a 4500 |
| 001 - CONTROL NUMBER | |
| control field | 000018942 |
| 003 - CONTROL NUMBER IDENTIFIER | |
| control field | AM-YEHGA |
| 005 - DATE AND TIME OF LATEST TRANSACTION | |
| control field | 20260401115429.0 |
| 008 - FIXED-LENGTH DATA ELEMENTS--GENERAL INFORMATION | |
| fixed length control field | 981028s1892 gs |||||||||||||||||arm d |
| 040 ## - CATALOGING SOURCE | |
| Original cataloging agency | AM-YeHGA |
| Transcribing agency | AM-YeHGA |
| 041 0# - LANGUAGE CODE | |
| Language code of text/sound track or separate title | arm |
| 245 00 - TITLE STATEMENT | |
| Title | Գրաբարի համաձայնութիւնը / |
| Statement of responsibility, etc. | Կազմ.՝ Ստ. Մալխասեանց. |
| 260 ## - PUBLICATION, DISTRIBUTION, ETC. | |
| Place of publication, distribution, etc. | Թիֆլիս : |
| Name of publisher, distributor, etc. | տպ. Յովհաննէս Մարտիրոսեանցի, |
| Date of publication, distribution, etc. | 1892. |
| 300 ## - PHYSICAL DESCRIPTION | |
| Extent | 174 էջ |
| 650 14 - SUBJECT ADDED ENTRY--TOPICAL TERM | |
| Topical term or geographic name entry element | Լեզվաբանություն |
| 650 14 - SUBJECT ADDED ENTRY--TOPICAL TERM | |
| Topical term or geographic name entry element | Հայոց լեզու |
| General subdivision | Գրաբար |
| 9 (RLIN) | 5392 |
| 700 1# - ADDED ENTRY--PERSONAL NAME | |
| Personal name | Մալխասյանց, Ստեփան Սարգսի, |
| Dates associated with a name | 1857-1947 |
| Relator term | կազմ. |
| Relationship | com |
| 9 (RLIN) | 8793 |
| 856 41 - ELECTRONIC LOCATION AND ACCESS | |
| Uniform Resource Identifier | <a href="http://greenstone.flib.sci.am/gsdl/collect/haygirq/book/grabari_hamadzayn1892.pdf">http://greenstone.flib.sci.am/gsdl/collect/haygirq/book/grabari_hamadzayn1892.pdf</a> |
| Link text | Կարդալ առցանց |
| 942 ## - ADDED ENTRY ELEMENTS (KOHA) | |
| Source of classification or shelving scheme | Universal Decimal Classification |
| Koha item type | Գրքեր / Books |
| Withdrawn status | Lost status | Source of classification or shelving scheme | Damaged status | Not for loan | Collection | Home library | Current library | Date acquired | Total checkouts | Full call number | Barcode | Date last seen | Price effective from | Koha item type | Public note | Cost, replacement price |
|---|---|---|---|---|---|---|---|---|---|---|---|---|---|---|---|---|
| Universal Decimal Classification | Agulian Individual Collection | Fundamental Scientific Library | Fundamental Scientific Library | 21/12/2016 | Ագուլ/607 | FL0081271 | 21/12/2016 | 21/12/2016 | Գրքեր / Books | ILL Non Circ. | ||||||
| Universal Decimal Classification | General | Fundamental Scientific Library | Fundamental Scientific Library | 21/12/2016 | AII/13122 | FL0013076 | 21/12/2016 | 21/12/2016 | Գրքեր / Books | 30 Days Loan | 5.00 | |||||
| Universal Decimal Classification | General | Fundamental Scientific Library | Fundamental Scientific Library | 21/12/2016 | AII/50045 | 220050045 | 21/12/2016 | 21/12/2016 | Գրքեր / Books | 30 Days Loan | ||||||
| Universal Decimal Classification | General | Fundamental Scientific Library | Fundamental Scientific Library | 21/12/2016 | AII/67850 | 220067850 | 21/12/2016 | 21/12/2016 | Գրքեր / Books | 30 Days Loan | ||||||
| Universal Decimal Classification | Jahukyan Individual Collection | Fundamental Scientific Library | Fundamental Scientific Library | 21/12/2016 | Ջահուկ/2876 | 906002876 | 21/12/2016 | 21/12/2016 | Գրքեր / Books | ILL Non Circ. | ||||||
| Universal Decimal Classification | General | Fundamental Scientific Library | Fundamental Scientific Library | 02/07/2019 | AII/105061 | FL0592382 | 02/07/2019 | 02/07/2019 | Գրքեր / Books | 30 Days Loan | ||||||
| Universal Decimal Classification | Gharibyan individual Collection | Fundamental Scientific Library | Fundamental Scientific Library | 22/01/2026 | Ղար/538 | FL0699940 | 22/01/2026 | 22/01/2026 | Գրքեր / Books | ILL Non Circ. | ||||||
| Universal Decimal Classification | Gharibyan individual Collection | Fundamental Scientific Library | Fundamental Scientific Library | 22/01/2026 | Ղար/591 | FL0698512 | 22/01/2026 | 22/01/2026 | Գրքեր / Books | ILL Non Circ. |
ՀՀ Գիտությունների ազգային ակադեմիայի հիմնարար գիտական գրադարան = Fundamental Scientific Library of NAS RA
All site content, except where otherwise noted, is licensed under a